000 01369cad a22002535a 4500
001 E152568
008 110329s2011 xxk f 000 0 eng d
020 _a9781842196670
035 _a(Sirsi) u152568
041 0 _aeng
050 0 4 _a346.4104342 $2 18
110 2 _aRoyal Institution of Chartered Surveyors
_94900
245 0 0 _aCommercial property service charge handover procedures
_bRICS information paper
_h[electronic resource]
260 _aCoventry
_bRICS
_c2011
300 _a10p.
_c30cm.
490 0 _aRICS Information Paper
520 _aHandovers are required for two main reasons: the sale of a property and a change of manager. The sale of a property may not always involve a change in manager, whilst some properties are managed directly by owners. This paper is intended to cover all situations, and is aimed at property owners and managers and their legal advisers. Its intention is to set out a series of procedures during the handover period to improve the quality of service to the industry?s customers.
521 _aAdvanced
590 _aKA
651 4 _aUnited Kingdom
_y
690 _aPROPERTY-LEASEHOLD PROPERTY-LANDLORD AND TENANT-SERVICE CHARGES
856 4 0 _uhttps://www.rics.org/site/download_feed.aspx?fileID=9040&fileExtension=PDF
_zView the information paper free of charge (member-only content) at www.rics.org
942 _n0
999 _c112120
_d112120